000 00797nam a2200181Ia 4500
008 100921s9999 xx 000 0 und d
082 _b29522
_a500 थ 96
100 _aसोवनी मधुकर विष्णु.
245 _aमहाराष्ट्रातील विज्ञानाची वाटचाल.
260 _bशब्दवेध प्रकाशन, पुणे.
_c1996
300 _a72
_bशब्दवेध,पुणे.
365 _b25
520 _aविज्ञान.
630 _aमहाराष्ट्रातील विज्ञानाची वाटचाल.
650 _aविज्ञान.
730 _aमहाराष्ट्रातील विज्ञानाची वाटचाल.
942 _cBOOK
999 _c778635
_d778632